|
|
|
|
| LEADER |
01830nam a2200325 a 4500 |
| 001 |
14957705 |
| 003 |
BD-DhAAL |
| 005 |
20250713124421.0 |
| 008 |
091115s2007 ii a b 001 0 eng d |
| 010 |
|
|
|a \\2007032916
|
| 020 |
|
|
|a 9780761935889 (pbk)
|
| 020 |
|
|
|a 9788178297491 (India pbk)
|
| 040 |
|
|
|a DLC
|c DLC
|d DLC
|d BD-DhAAL
|
| 082 |
0 |
0 |
|a 658.800954/091734
|2 22
|
| 100 |
1 |
|
|a Velayudhan, Sanal Kumar,
|d 1955-
|9 58723
|
| 245 |
1 |
0 |
|a Rural marketing :
|b targeting the non-urban consumer /
|c Sanal Kumar Velayudhan.
|
| 250 |
|
|
|a Second edition.
|
| 260 |
|
|
|a New Delhi ;
|a Thousand Oaks, Calif. :
|b Sage,
|c 2007.
|
| 300 |
|
|
|a 249 pages :
|b illustrations ;
|c 22 cm.
|
| 504 |
|
|
|a Includes bibliographical references and index.
|
| 505 |
0 |
|
|a Rural marketing : opportunities and challenges -- Profile of the rural market -- Rural consumer -- Researching rural markets -- Value offering -- Communicating in the rural market landscape -- Communication : language and culture -- Operationalizing communication strategy : issues and approaches in media -- Retailer as a route to the rural market -- Haats, melas and mobile traders -- Access the rural consumer : emerging channels -- A competitive strategy for rural markets.
|
| 526 |
|
|
|x Requisitioned by Faculties of BBS
Course name and no : N/A
|
| 541 |
1 |
|
|a Karim International
|e 00019580
|
| 650 |
|
0 |
|a Marketing
|z India.
|9 58724
|
| 650 |
|
0 |
|a Consumer behavior
|z India.
|9 58725
|
| 651 |
|
0 |
|a India
|x Rural conditions.
|
| 852 |
4 |
|
|a Ayesha Abed Library
|j General shelf
|
| 942 |
|
|
|2 ddc
|c BK
|
| 999 |
|
|
|c 5513
|d 5513
|
| 952 |
|
|
|0 0
|1 0
|2 ddc
|4 0
|6 658_800954091734000_VEL
|7 0
|9 5387
|a BRACUL
|b BRACUL
|c GEN
|d 2009-11-15
|e Karim International
|g 319.00
|l 3
|m 31
|o 658.800954091734 VEL
|p 3010019580
|r 2025-12-23
|s 2025-10-19
|t 1
|w 2009-11-15
|y BK
|x Requisitioned by Faculties of BBS. Course name and no. "not available".
|